| 000 | 00410nam a2200169Ia 4500 | ||
|---|---|---|---|
| 008 | 230524s9999 xx 000 0 und d | ||
| 020 | _a0074621343 | ||
| 082 |
_a621.3822 _bGOP |
||
| 100 | _aM.Gopal | ||
| 245 | 0 | _aDigital Control and State Variable Methods | |
| 250 | _a3RD | ||
| 260 |
_aNEW DELHI _bTMH _c2001 |
||
| 300 | _aXII;660 | ||
| 500 | _aQuantity Number: 2 | ||
| 650 | _aElectronics | ||
| 942 | _cBK | ||
| 999 |
_c7238 _d7238 |
||